000 00369nam a2200133 i 4500
001 bg
100 1 _aNOWAKOWSKI, Bolesław
245 0 _aZ badań nad niektórymi matodami przyśpieszonego dojrzewania tworzyw cementowych /
_cB. Nowakowski.
260 _aPoznań,
_c1985.
040 _cBPK
041 _apol
942 _cKS
008 s pl f |000 0 pol
999 _c23336
_d23336
856 _uhttp://koha.tu.koszalin.pl/cgi-bin/koha/opac-detail.pl?biblionumber=23336
_yKatalog online BPK